000 00636nam a2200229Ia 4500
003 OSt
005 20230408104822.0
008 210423s2009 xx 000 0 und d
020 _a9781412964715
040 _cAL
041 _aeng
082 _a070.1
_223
_b POTW
100 _aPOTTER (W James)
_983484
245 _aArguing for a general framework for mass media scholarship
260 _aUK
_bSage Publications
_c2009
300 _axxii,394
_bPB
365 _b2122
_cINR
650 _aGeneral
_983485
650 _aMass Media
_983486
906 _aArguing ; framework ; general ; mass ; media ; scholarship
942 _2ddc
_cBK
999 _c158134
_d158134